All-in-One Practical Book For B.Pharma (Record no. 13268)

MARC details
000 -LEADER
fixed length control field 00402nam a22001577a 4500
003 - CONTROL NUMBER IDENTIFIER
control field OSt
008 - FIXED-LENGTH DATA ELEMENTS--GENERAL INFORMATION
fixed length control field 250410b |||||||| |||| 00| 0 eng d
020 ## - INTERNATIONAL STANDARD BOOK NUMBER
International Standard Book Number 9788119613663
082 ## - DEWEY DECIMAL CLASSIFICATION NUMBER
Classification number 615.4 CHA
100 ## - MAIN ENTRY--PERSONAL NAME
Personal name Chauhan, Deepesh
245 ## - TITLE STATEMENT
Title All-in-One Practical Book For B.Pharma
260 ## - PUBLICATION, DISTRIBUTION, ETC. (IMPRINT)
Place of publication, distribution, etc N.Delhi
Name of publisher, distributor, etc IP Innvative pub
Date of publication, distribution, etc 2025
300 ## - PHYSICAL DESCRIPTION
Extent xv,159
650 ## - SUBJECT ADDED ENTRY--TOPICAL TERM
Topical term or geographic name as entry element PHARMACY GENERAL BOOKS
942 ## - ADDED ENTRY ELEMENTS (KOHA)
Source of classification or shelving scheme Dewey Decimal Classification
Koha item type Text Books
Holdings
Withdrawn status Lost status Source of classification or shelving scheme Damaged status Not for loan Collection code Home library Current library Date acquired Source of acquisition Currency Cost, normal purchase price Bill Number Total Checkouts Full call number Acc. no. / Barcode Date last seen Actual Cost, discounted price Bill Date Koha item type
    Dewey Decimal Classification     B.Pharma PIET C-LIBRARY PIET C-LIBRARY 04/04/2025 Zafaa Books Distributres Rs 475.00 ZBDO006   615.4 CHA BP2710 10/04/2025 356.25 04/04/2025 Reference Books
    Dewey Decimal Classification     B.Pharma PIET C-LIBRARY PIET C-LIBRARY 04/04/2025 Zafaa Books Distributres Rs 475.00 ZBDO006   615.4 CHA BP2711 10/04/2025 356.25 04/04/2025 Text Books

Design & Developed by: PIET Central Library
R70 Miles Stone Pattikalyana Samalkha Panipat 132102
mail ID :- [email protected], Phone No:- 0180-2569700 Ex.216